Pays qui consomment le plus d'alcool - Statistiques

Statistiques générales
  • Ce quiz a été pris 9 661 fois
  • Le résultat moyen est 8 sur 20
Statistiques - réponses
Classement Alcool consommé Réponse % Correct
13ème 12,23 L France
99%
3ème 12,79 L Allemagne
88%
6ème 12,67 L Espagne
86%
20ème 11,45 L Royaume-Uni
77%
19ème 11,89 L Pologne
72%
15ème 12,09 L Portugal
69%
5ème 12,75 L Irlande
63%
10ème 12,34 L Roumanie
46%
18ème 11,93 L Autriche
42%
8ème 12,46 L Bulgarie
33%
4ème 12,78 L Lituanie
31%
1er 13,19 L Lettonie
30%
9ème 12,45 L Luxembourg
29%
14ème 12,11 L Slovénie
28%
2ème 12,85 L Moldavie
20%
11ème 12,26 L Andorre
16%
12ème 12,24 L Monténégro
13%
16ème 12,08 L Laos
3%
7ème 12,48 L Ouganda
1%
17ème 12,04 L Tanzanie
1%
Aucun quiz correspondant
Distribution des résultats
% des personnes avec chaque résultat
Percentile par nombre de réponses
Votre historique - résultats
Vous n’avez pas pris ce quiz